| 000 | 02694nam1a22003611i 4500 | ||
|---|---|---|---|
| 001 | v19\rc\1451734 | ||
| 005 | 20260407025158.0 | ||
| 035 | _a(NLR Aleph) 004592144 | ||
| 090 |
_a2672129 _c2672129 |
||
| 100 | _a20060620d18701898|||y0rusy50 ca | ||
| 101 | 0 | _arus | |
| 102 | _aRU | ||
| 105 | _ay i ||||| | ||
| 200 | 1 | _aОтчет Астраханского губернского статистического комитета ... | |
| 210 |
_aАстрахань _d1870-1898 |
||
| 215 | _d16-24 | ||
| 300 | _aЗагл. отчетов за 1869-1870 гг.: Отчет секретаря Астраханского губернского статистического комитета; за 1883, 1885-1887, 1897 гг.: Отчет о деятельности Астраханского губернского статистического комитета; за 1888 г.: Отчет о действиях Астраханского губернского статистического комитета; за 1881-1882 гг.: Протокол 2 сентября 1883 г. и Отчеты Астраханского губернского статистического комитета | ||
| 300 | _aСост. отчетов за 1878-1880 гг.: Д.В. Чичинадзе; за 1888 г.: И.С. Иванов | ||
| 300 | _aОтчеты за 1884-1888, 1891 гг.: Отд. отт. из "Астрах. губ. вед." № 70 1885 г., № 34 1886 г., № 65 1887 г., № 7 1888 г., №№ 47 и 49 1889 г., №№ 66 и 67 1892 г. | ||
| 309 | _aОтчеты за 1869-1870, 1876-1878, 1883, 1897 гг. без тит. л. и обл. | ||
| 517 | 0 | _aОтчет секретаря Астраханского губернского статистического комитета | |
| 517 | 0 | _aОтчет о деятельности Астраханского губернского статистического комитета | |
| 517 | 0 | _aОтчет о действиях Астраханского губернского статистического комитета | |
| 517 | 0 | _aПротокол 2 сентября 1883 г. и Отчеты Астраханского губернского статистического комитета | |
| 710 | 0 | 2 |
_aАстраханский губернский статистический комитет _3RU\NLR\AUTH\8810010927 _9519528 |
| 801 | 0 |
_aRU _bNLR _gpsbo |
|
| 801 | 0 |
_aRU _bRuMoRGB _2psbo |
|
| 801 | 1 |
_aRU _bProSoft-M _2rusmarc |
|
| 852 |
_aNLR (1869-1897) _jШифры разные |
||
| 899 |
_aRuMoRGB (1873-1892*) _jA 147/125 |
||
| 899 |
_aRuMoRGB (1873-1892*) _jU 249/203 |
||
| 899 | _aГПИБ (1869-1873) | ||
| 942 | _cBOOK | ||